000 00951nam0a22002411i 4500
001 rc\684472
005 20240723213051.0
035 _a(NLR Aleph) 005921579
090 _a6482874
_c6482874
100 _a20031121d1985 u |0rusy50 ca
101 0 _arus
102 _aRU
105 _ay |||||||||
200 1 _aЗамещение дефектов длинных трубчатых костей по Елизарову
_e(Эксперим. исслед.)
_eАвтореф. дис. на соиск. учен. степ. д-ра мед. наук
_e(14.00.22)
210 _aМ.
_d1985
215 _a34 с.
300 _aВ надзаг.: ЦНИИ травматологии и ортопедии им. Н.Н. Приорова
320 _aБиблиогр.: с. 30-33 (33 назв.)
700 1 _aБарабаш
_bА.П.
_gАнатолий Петрович
801 0 _aRU
_bNLR
_gpsbo
801 1 _aRU
_bELAR
_2rusmarc
852 _aNLR
_j87-4/4153
942 _cBOOK